000 01402nam0a2200301 4500
001 RU\NLR\bibl\132
005 20260406213027.0
010 _a5-7511-0849-3
_9500
021 _aRU
_b97-25254
_91040
035 _a(NLR Aleph) 000000121
090 _a121
_c121
100 _a19980202d1996 |||y0rusy50 ca
101 0 _arus
102 _aRU
105 _ac |||||||||
200 1 _aАктовая речь на Чтениях, посвященных 100-летию со дня рождения Д.Д. Яблокова, г. Томск, 13 нояб. 1996 г.
_fР.С. Карпов
210 _aТомск
_cИзд-во ТГУ
_d1996
215 _a21 с.
_cпортр.
_d20
600 1 _aЯблоков
_bД.Д.
_f1896 - 1993
_gДмитрий Дмитриевич
_92030808
_3RU\NLR\auth\661219783
686 _aР.г(2)7д Яблоков
700 1 _4070
_8rus
_7ca
_aКарпов
_bР.С.
_cд-р мед. наук
_f1937-
_gРостислав Сергеевич
_3RU\NLR\auth\77339
_9110394
702 1 _4570
_8rus
_7ca
_aЯблоков
_bД.Д.
_f1896-1993
_gДмитрий Дмитриевич
_3RU\NLR\auth\77517
_9110566
712 1 2 _aЧтения, посвященные 100-летию со дня рождения Д.Д. Яблокова
_f1996
_eТомск
_3RU\NLR\AUTH\889970711
_9437810
801 0 _aRU
_bNLR
_c19980202
_gPSBO
801 1 _aRU
_bNLR
_c19980202
852 _aNLR
_j97-4/13764
942 _cBOOK
980 _aNB